00480nam a2200169Ia 4500008004100000082001700041100001800058245002900076250000600105260002800111300001000139500002400149650001600173942000700189952009700196999001700293230524s9999 xx 000 0 und d a621.382bSHA aSanjay Sharma 0aDigital Image Processing a1 aNew DelhibKatsonc2008 a332p; aQuantity Number: 1 aElectronics cBK 00104070aTATCLbTATCLcGENd2023-05-24l0o621.382 SHAp53859r2023-05-24w2023-05-24yBK c56418d56418